[Event "AUTO-ELITE-1723"]
[Site "http://www.queenalice.com/game.php?id=1436911"]
[Date "2016.8.19"]
[Round "1"]
[White "preza"]
[Black "FabioDavid"]
[Result "0-1"]
[WhiteElo "2230"]
[BlackElo "2522"]

1. e4 e6 2. d4 d5 3. Nd2 Be7 4. e5 c5 5. Qg4 Kf8 6. dxc5 Nc6 7. Ngf3 h5 8. Qa4
Qc7 9. Qf4 b6 10. Be2 bxc5 11. O-O Nh6 12. b3 Nf5 13. Ba3 f6 14. Bb2 g5 15. Qa4
Nxe5 16. Nxe5 fxe5 17. Rfe1 Rh6 18. Bd3 e4 19. Ba6 Bd7 20. Be5 Qxe5 21. Qxd7 Bd6
22. Nf1 Kg8 23. Bc8 Ne7 24. Bb7 Rf8 25. Rab1 Rhf6 26. f3 g4 27. f4 Qxf4 28. Ba6
h4 29. Qa4 h3 30. Qd7 Qf2+ 0-1

[Event "AUTO-ELITE-1808"]
[Site "http://www.queenalice.com/game.php?id=1470047"]
[Date "2017.3.23"]
[Round "1"]
[White "preza"]
[Black "BEBADO"]
[Result "1-0"]
[WhiteElo "2238"]
[BlackElo "2301"]

1. e4 c5 2. Nf3 d6 3. Bb5+ Nc6 4. O-O Bd7 5. Re1 a6 6. Bxc6 Bxc6 7. d4 cxd4 8.
Nxd4 Rc8 9. c4 Nf6 10. Nc3 e6 11. b3 Be7 12. Nxc6 Rxc6 13. Bb2 O-O 14. Qd2 Qa5
15. Rad1 Qc5 16. Re3 Rcc8 17. Rg3 Rfd8 18. Qh6 g6 19. Rh3 Bf8 20. Qh4 Bg7 21.
Rhd3 Qc7 22. Na4 Ne8 23. Rh3 h5 24. Bxg7 Nxg7 25. Nc3 Rd7 26. Qg5 Qd8 27. Qh6
Qf6 28. f4 b5 29. g4 bxc4 30. b4 a5 31. bxa5 Ra8 32. gxh5 Rxa5 33. f5 exf5 34.
Nd5 Rxd5 35. exd5 c3 36. hxg6 fxg6 37. Qh8+ Kf7 38. Qc8 Rd8 39. Qxc3 Qxc3 40.
Rxc3 Ra8 41. Rc7+ Kf6 42. Rd7 Rxa2 43. Rxd6+ Ke5 44. Rxg6 1-0

[Event "AUTO-ELITE-1808"]
[Site "http://www.queenalice.com/game.php?id=1470048"]
[Date "2017.3.23"]
[Round "1"]
[White "BEBADO"]
[Black "preza"]
[Result "0-1"]
[WhiteElo "2288"]
[BlackElo "2224"]

1. d4 Nf6 2. c4 e6 3. Nc3 Bb4 4. Nf3 b6 5. Qc2 Bb7 6. e3 Ne4 7. Bd3 f5 8. O-O
Bxc3 9. bxc3 O-O 10. Nd2 Qh4 11. f3 Ng5 12. f4 Qg4 13. d5 Nh3+ 14. Kh1 exd5 15.
gxh3 Qxh3 16. cxd5 Bxd5+ 17. e4 fxe4 18. Bxe4 Bxe4+ 19. Qxe4 Nc6 20. Ba3 Rf6 21.
Rf3 Qh5 22. Re1 Re6 23. Qc4 Na5 24. Qf1 Rxe1 25. Qxe1 Nc4 26. Qe4 d5 27. Qe6+
Kh8 28. Rf2 Nxa3 29. Nf3 Nc4 30. Ng5 Nd6 31. Qxd5 Re8 32. Qf3 Re1+ 33. Kg2 Qg6
0-1

[Event "AUTO-ELITE-1808"]
[Site "http://www.queenalice.com/game.php?id=1470049"]
[Date "2017.3.23"]
[Round "1"]
[White "preza"]
[Black "AyltonChessGM"]
[Result "1-0"]
[WhiteElo "2265"]
[BlackElo "2224"]

1. e4 e6 2. d4 d5 3. Nd2 dxe4 4. Nxe4 Nf6 5. Bd3 Be7 6. Nxf6+ Bxf6 7. Nf3 O-O 8.
O-O Nc6 9. c3 a6 10. Bf4 h6 11. Qe2 Re8 12. Qe4 Kf8 13. Qh7 Bd7 14. Rfe1 Ne7 15.
Qh8+ Ng8 16. Ne5 g5 17. Qh7 Bg7 18. Nxd7+ Qxd7 19. Be5 f6 20. Bg3 Red8 21. Qe4
c5 22. Qxe6 Qxe6 23. Rxe6 cxd4 24. Rae1 dxc3 25. Bg6 Bh8 26. bxc3 b5 27. Bd6+
Kg7 28. Bf5 Kf7 29. Bg4 Kg6 30. Bf3 Ra7 31. Bc5 Rad7 32. Rxa6 Rb8 33. Bc6 Rd2
34. Be3 Rdd8 35. Be4+ Kh5 36. f3 Bg7 37. g4+ Kh4 38. Kg2 1-0

[Event "AUTO-ELITE-1808"]
[Site "http://www.queenalice.com/game.php?id=1470050"]
[Date "2017.3.23"]
[Round "1"]
[White "AyltonChessGM"]
[Black "preza"]
[Result "0-1"]
[WhiteElo "2288"]
[BlackElo "2252"]

1. d4 Nf6 2. c4 e6 3. Nc3 Bb4 4. Bd2 b6 5. Nf3 Bb7 6. e3 O-O 7. a3 Be7 8. Be2 c5
9. O-O cxd4 10. Nxd4 Nc6 11. Nxc6 Bxc6 12. b4 Qb8 13. h3 a5 14. b5 Bb7 15. Na4
Qc7 16. f3 Rfd8 17. Qb3 d5 18. Be1 Rdc8 19. cxd5 Bxd5 20. Qb2 Nh5 21. Nc3 Qe5
22. e4 Bc5+ 23. Kh1 Bd6 24. Kg1 Qh2+ 25. Kf2 Bc5# 0-1

[Event "AUTO-ELITE-1808"]
[Site "http://www.queenalice.com/game.php?id=1502456"]
[Date "2017.11.7"]
[Round "2"]
[White "TigranPetrosian"]
[Black "preza"]
[Result "1-0"]
[WhiteElo "2616"]
[BlackElo "2274"]

1. e4 c5 2. Nf3 d6 3. d4 cxd4 4. Nxd4 Nf6 5. Nc3 a6 6. Bg5 e6 7. f4 Qc7 8. Bxf6
gxf6 9. Be2 Nc6 10. Qd2 h5 11. O-O-O Bd7 12. Kb1 Be7 13. Nb3 O-O-O 14. Rhf1 Kb8
15. Rf3 Rdg8 16. Rg3 Rxg3 17. hxg3 Qb6 18. Bf3 Na5 19. Nxa5 Qxa5 20. Rh1 Qc5 21.
a3 Be8 22. g4 h4 23. Qe1 Bd8 24. Rxh4 Rxh4 25. Qxh4 Kc8 26. Qh8 Kd7 27. Ne2 Ke7
28. f5 Qe3 29. Qh7 e5 30. Nc3 Bc6 31. g5 Qxg5 32. Bh5 Be8 33. g4 Qh4 34. Qg8
Qe1+ 35. Ka2 Qf1 36. Nd5+ Kd7 37. Ne3 Qe2 38. Bxf7 Bxf7+ 39. Qxf7+ Kc8 40. Nc4
Kb8 41. Nxd6 Bc7 42. Ne8 Bd8 43. Qd5 Be7 44. g5 fxg5 45. f6 Bxf6 46. Nxf6 b5 47.
Qxe5+ Kb7 48. Qd5+ Kb6 49. e5 Qf1 50. Qd4+ Kb7 51. e6 Qe2 52. Ne4 g4 53. e7 1-0

[Event "AUTO-ELITE-1958"]
[Site "http://www.queenalice.com/game.php?id=1519774"]
[Date "2018.3.15"]
[Round "1"]
[White "preza"]
[Black "BEBADO"]
[Result "1-0"]
[WhiteElo "2283"]
[BlackElo "2238"]

1. e4 c5 2. Nf3 e6 3. d4 cxd4 4. Nxd4 Nf6 5. Nc3 d6 6. g4 h6 7. Bg2 Nc6 8. h3
Be7 9. Be3 a6 10. f4 O-O 11. Qd3 Bd7 12. O-O-O Nxd4 13. Bxd4 Bc6 14. Qg3 Nd7 15.
h4 b5 16. g5 h5 17. f5 b4 18. Ne2 Qa5 19. f6 1-0

[Event "AUTO-ELITE-1958"]
[Site "http://www.queenalice.com/game.php?id=1519775"]
[Date "2018.3.15"]
[Round "1"]
[White "BEBADO"]
[Black "preza"]
[Result "0-1"]
[WhiteElo "2248"]
[BlackElo "2272"]

1. e4 c5 2. Nf3 d6 3. d4 cxd4 4. Nxd4 Nf6 5. Nc3 a6 6. Bg5 e6 7. f4 Qc7 8. Qf3
b5 9. O-O-O b4 10. e5 Bb7 11. Qh3 dxe5 12. Ncb5 axb5 13. Bxb5+ Bc6 0-1

[Event "AUTO-ELITE-1958"]
[Site "http://www.queenalice.com/game.php?id=1519776"]
[Date "2018.3.15"]
[Round "1"]
[White "preza"]
[Black "eget"]
[Result "1-0"]
[WhiteElo "2285"]
[BlackElo "2394"]

1. e4 c5 2. Nf3 d6 3. d4 cxd4 4. Nxd4 Nf6 5. Nc3 a6 6. Bg5 e6 7. f4 h6 8. Bh4
Be7 9. Qf3 Qc7 10. O-O-O Nbd7 11. Bd3 g5 12. e5 gxh4 13. exf6 Nxf6 14. f5 e5 15.
Nde2 Bd7 16. Be4 Be6 17. fxe6 fxe6 18. Bxb7 Ra7 19. Bc6+ Kf7 20. Rhf1 d5 21.
Bxd5 exd5 22. Nxd5 Qc6 23. Qh5+ Kg7 24. Qf5 Rd8 25. Ne3 Rxd1+ 26. Rxd1 Qc5 27.
Qh3 Rd7 28. Nf5+ Kh8 29. Nxh4 Rxd1+ 30. Kxd1 Nd5 31. Ng6+ Kg7 32. Nxe7 Nxe7 33.
Qe6 Ng6 34. c4 a5 35. g3 Qf8 36. Qd7+ Qe7 37. Qc6 h5 38. Qd5 Qf7 39. Kd2 Qf1 40.
Qxa5 Qh1 41. Qa7+ Kf6 42. Qf2+ 1-0

[Event "AUTO-ELITE-1958"]
[Site "http://www.queenalice.com/game.php?id=1519777"]
[Date "2018.3.15"]
[Round "1"]
[White "eget"]
[Black "preza"]
[Result "1-0"]
[WhiteElo "2385"]
[BlackElo "2294"]

1. e4 e5 2. Nf3 Nc6 3. Bb5 a6 4. Ba4 Nf6 5. O-O Be7 6. Re1 b5 7. Bb3 d6 8. c3
O-O 9. h3 Na5 10. Bc2 c5 11. d4 Nc6 12. d5 Na5 13. Nbd2 g6 14. Nf1 Nh5 15. Bh6
Re8 16. Qc1 Bf6 17. g4 Nf4 18. Bxf4 exf4 19. Qxf4 Nc4 20. Qc1 b4 21. Bd3 Ne5 22.
Nxe5 Bxe5 23. f4 Bg7 24. Qd2 Qh4 25. Re3 Rb8 26. Rc1 Re7 27. Kg2 h5 28. Nh2 hxg4
29. hxg4 bxc3 30. bxc3 Bxg4 31. Nxg4 Qxg4+ 32. Rg3 Qh4 33. Rh1 Qf6 34. f5 Qxc3
35. Qxc3 Bxc3 36. fxg6 Rb2+ 37. Kh3 a5 38. gxf7+ Kxf7 39. Rg2 Reb7 40. Rhh2 1-0